000 00287nam a2200109Ia 4500
008 220204s9999 xx 000 0 und d
082 _a065
_bREE
100 _aReeves, Elton T
245 0 _aManagement development for the line manager
260 _aBombay
_bTaraporevala
_c1977
942 _cBK
999 _c30376
_d30376